000 00651nam a22002537a 4500
003 UA-OsUOA
001 67426
007 ta
008 20100223b un ||||| |||| 00| 0 ukr d
100 _aБутук О. І.
700 _aВолков Н. І.
090 _a330.101.541
_bБ93
942 _cBK
040 _aUA-OsUOA
_bukr
_cUA-OsUOA
_dUA-OsUOA
245 _aМакроекономіка
_bТренінг-курс
300 _a235 с.
955 _a2
041 _aukr
080 _a330.101.541
020 _a966-346-265-5
260 _aК.
_bЗнання
_c2007
650 7 _a330 Економіка взагалі
_2UDC
999 _c353448
_d353448